| 000 -LEADER |
| fixed length control field |
01245cam a2200325 a 4500 |
| 001 - CONTROL NUMBER |
| control field |
00224901 |
| 003 - CONTROL NUMBER IDENTIFIER |
| control field |
OCoLC |
| 005 - DATE AND TIME OF LATEST TRANSACTION |
| control field |
20230819151510.0 |
| 008 - FIXED-LENGTH DATA ELEMENTS--GENERAL INFORMATION |
| fixed length control field |
110422s2008 enka g 000 j eng d |
| 020 ## - INTERNATIONAL STANDARD BOOK NUMBER |
| International Standard Book Number |
9780194791083 |
| 020 ## - INTERNATIONAL STANDARD BOOK NUMBER |
| International Standard Book Number |
0194791084 |
| 040 ## - CATALOGING SOURCE |
| Original cataloging agency |
SIKNM |
| Description conventions |
ppiak |
| Language of cataloging |
slv |
| Transcribing agency |
SILIS |
| Modifying agency |
KH8 |
| 042 ## - AUTHENTICATION CODE |
| Authentication code |
nbic |
| 044 ## - COUNTRY OF PUBLISHING/PRODUCING ENTITY CODE |
| MARC country code |
xxk |
| ISO country code |
gbr |
| 082 ## - DEWEY DECIMAL CLASSIFICATION NUMBER |
| Classification number |
428.6 ESC |
| 100 ## - MAIN ENTRY--PERSONAL NAME |
| Personal name |
Escott, John, |
| Relator term |
author. |
| 245 10 - TITLE STATEMENT |
| Title |
As the inspector said and other stories / |
| Statement of responsibility, etc. |
retold by John Escott ; [illustrated by Fiona MacVicar] |
| 246 3# - VARYING FORM OF TITLE |
| Title proper/short title |
As the inspector said. |
| 260 ## - PUBLICATION, DISTRIBUTION, ETC. |
| Place of publication, distribution, etc. |
Oxford : |
| Name of publisher, distributor, etc. |
Oxford University Press, |
| Date of publication, distribution, etc. |
2008. |
| 300 ## - PHYSICAL DESCRIPTION |
| Extent |
72 str. : |
| Other physical details |
ilustr. ; |
| Dimensions |
20 cm. |
| 490 1# - SERIES STATEMENT |
| Series statement |
Oxford bookworms Library. Crime & Mystery, Stage 3. |
| 505 00 - FORMATTED CONTENTS NOTE |
| Formatted contents note |
As the inspector said --- / Cyril Hare. The man who cut off my hair / Richard Marsch. The railway crossing / Freeman Wills Croft. The blue cross / G. K. Chesterton. Cash on delivery / Edmund Crispin. |
| 650 #0 - SUBJECT ADDED ENTRY--TOPICAL TERM |
| Topical term or geographic name entry element |
Readers for new literates. |
| 650 #0 - SUBJECT ADDED ENTRY--TOPICAL TERM |
| Topical term or geographic name entry element |
Detective and mystery stories, English. |
| 653 0# - INDEX TERM--UNCONTROLLED |
| Uncontrolled term |
angleščina |
| -- |
prirejene izdaje. |
| 700 12 - ADDED ENTRY--PERSONAL NAME |
| Personal name |
Escott, John. |
| Relationship |
adp. |
| 700 1# - ADDED ENTRY--PERSONAL NAME |
| Personal name |
MacVicar, Fiona. |
| Relationship |
ill. |
| 830 #0 - SERIES ADDED ENTRY--UNIFORM TITLE |
| Uniform title |
Oxford bookworms Library. |
| Number of part/section of a work |
Crime & Mystery, |
| Name of part/section of a work |
Stage 3. |
| 942 ## - ADDED ENTRY ELEMENTS (KOHA) |
| Source of classification or shelving scheme |
|
| Koha item type |
Teaching Resources |